01108 2200349 4500001002100000005001500021035002000036007000300056008004100059020002200100082001700122084001900139100002200158245012500180250003600305300004000341650002000381700003500401700003700436700002800473700002800501264002900529336002100558337003000579338002300609040002200632090002200654440002600676850001200702999002200714990002200736INLIS00000000088258420231018095057 a0010-1023000366ta231018s2023 yoia g 000 1 ind d a978-623-186-203-704223a899.2213 a899.2213 ITA r0 aItakrnePengarang10aRotasi dunia Reiji /cItakrn; penyunting, Dila maretihaqsari, Hutami Suryaningtyas; ilustrator, Saka Design, Caramacchii aCetakan Pertama, September 2023 axiv, 214 halaman :bgambar ;c21 cm 4aFiksi Indonesia0 aDila maretihaqsariePenyunting0 aHutami SuryaningtyasePenyunting0 aSaka DesigneIlustrator0 aCaramacchiieIlustrator31aSleman :bBentang,c2023 2rdacontentateks 2rdamediaatanpa perantara 2rdacarrieravolume aYOPDYOGbinderda aCB-D.11 2023-2533 aCampus romance series aYOPDYOG aCB-D.11/2023-2533 aCB-D.11/2023-2533